Score 0/15 Timer 02:00
1 Play Today
Clue Answer % Correct
★ Au inspiring metal? ★★ GOLD ★
97.6%
Tightly clenched handFIST
89.7%
Cargo storage placeHOLD
89.2%
Cavity or pitHOLE
88.7%
★ Aquatic vertebrate ★★ FISH ★
84.7%
Container for apple pie, casserole ...DISH
79.8%
★ Container for soup? ★★ BOWL ★
70%
Young male horseCOLT
61.7%
Clue Answer % Correct
The price that has to be paidCOST
60.3%
Retired US Senator and attorneyDOLE
59.9%
Small stone-built coffin-like boxCIST
54.9%
A sliding metal barBOLT
53.1%
Seed-bearing capsule in plantsBOLL
44%
Money, slangilyDOSH
39.7%
Medicine sizeDOSE
39%

Today's Daily Dose

Remove Ads.
Support Sporcle.
Get the best of Sporcle when you Go Orange. This ad-free experience offers more features, more stats, and more fun while also helping to support Sporcle. Thank you for becoming a member.

You're not logged in!

Compare scores with friends on all Sporcle quizzes.
OR
Log In

Show Comments

Extras

Top Quizzes Today


Score Distribution

Your Account Isn't Verified!

In order to create a playlist on Sporcle, you need to verify the email address you used during registration. Go to your Sporcle Settings to finish the process.

Report this User

Report this user for behavior that violates our Community Guidelines.

Details: